000 00401nam a22001697a 4500
003 MPLRDC
005 20220104123322.0
008 210129b ||||| |||| 00| 0 eng d
082 _a857.45 FD c.2
100 _a傅荻
245 _a大刀喋血
_c
250 _a一版一刷
260 _a
_b中国文联出版公司
_c1986
300 _b
650 _a历史小说
942 _cBK
_o857.45 FD c.2
999 _c10378
_d10368